000 00956nam a2200289Ia 4500
003 OSt
005 20221006160025.0
006 a|||||r|||| 00| 0
007 ta
008 221006b |||||||| |||| 00| 0 eng d
020 _a9780804769297
_c
_20.66
024 _a44,084
037 _bGift, Korean Embassy (Window on Korea)
_cTextual
040 _aEASL
_cEASL
_beng
041 _2eng
_aeng
082 _aV495:1973.N45, Q0
100 _aYoo David K
_9671496
245 0 _aContentious Spirits
_b Religion in Korean American History, 1903-1945
260 _aStanford
_bStanford University Press
_c2010
300 _a230p.
_ccm.
490 _v KEL
650 _a Korean Americans- religion
_9671497
650 _a Unites states- Emigration and immigration- religious aspects
_9671498
650 _aKEL
942 _hV495:1973.N45, Q0
_cTEXL
_2CC
999 _c1112176
_d1112176